000 02554cam a22005414a 4500
001 muse33660
003 MdBmJHUP
005 20210127151105.0
006 m o d
007 cr||||||||nn|n
008 070520s2008 ohu o 00 0 eng d
010 _z 2007019590
020 _a9780814271940
020 _a0814271944
020 _z9780814210772 (hc : alk. paper)
020 _z0814210775 (hc : alk. paper)
035 _a(OCoLC)1083110439
040 _aMdBmJHUP
_cMdBmJHUP
043 _an-us---
_af------
050 0 4 _aPS153.N5
_bL35 2008
082 0 _a810.9/896073
_222
100 1 _aLangley, April C. E.
245 1 4 _aThe Black Aesthetic Unbound
_bTheorizing the Dilemma of Eighteenth-Century African-American Literature /
_cApril C.E. Langley.
264 1 _bOhio State University Press,
264 3 _bProject MUSE,
300 _a1 online resource (xiv, 210 p.)
504 _aIncludes bibliographical references (p. 185-197) and index.
505 0 _aThe dilemma of a ghost : early African American literature and its mournings/moorings -- What a difference a "way" makes : Wheatley's ways of knowing -- Kaleidoscopic re-memory in Equiano's Interesting narrative : shifting the lens to replace the landscapes -- Reading "others" in eighteenth-century Afro-British American literature : the promise and the dilemma of new ways of reading.
506 0 _aOpen Access
_fUnrestricted online access
_2star
588 _aDescription based on print version record.
650 0 _aAesthetics, Black.
650 0 _aAmerican literature
_y1783-1850
_xHistory and criticism.
650 0 _aAmerican literature
_yRevolutionary period, 1775-1783
_xHistory and criticism.
650 0 _aAmerican literature
_yColonial period, ca. 1600-1775
_xHistory and criticism.
650 0 _aAmerican literature
_xAfrican influences.
650 0 _aAmerican literature
_xAfrican American authors
_xHistory and criticism.
600 1 1 _aAidoo, Ama Ata,
_d1942-
_tDilemma of a ghost.
600 1 1 _aEquiano, Olaudah,
_d1745-
_tInteresting narrative of the life of Olaudah Equiano.
600 1 1 _aWheatley, Phillis,
_d1753-1784
_xCriticism and interpretation.
655 7 _aElectronic books.
_2local
710 2 _aProject Muse.
_edistributor
830 0 _aBook collections on Project MUSE.
856 4 0 _zFull text available:
_uhttps://muse.jhu.edu/book/27935/
999 _c24577
_d24577